000 00992cam a2200229 4500
001 1375
003 OCoLC
005 20181127163207.0
008 991221s2001 nyua b 001 0 eng
010 _a99087968
020 _a1572597917
020 _a1572599820 (comp.)
020 _z1572597617
100 1 _aMyers, David G.
245 1 0 _aPsychology /
_cDavid G. Myers.
250 _a6th ed.
260 _aNew York :
_bWorth Publishers,
_c2001.
300 _a1 v. (various pagings) :
_bill. (some col.) ;
_c29 cm.
504 _aIncludes bibliographical references and indexes.
505 0 _aThinking critically with psychological science -- Neuroscience and behavior -- The nature and nurture of behavior -- The developing person -- Sensation -- Perception -- States of consciousness -- Learning -- Memory -- Thinking and language -- Intelligence -- Motivation -- Emotion -- Personality -- Psychological disorders -- Therapy -- Stress and health -- Social psychology.
650 0 _aPsychology.
999 _c1007
_d1007